<?xml version="1.0" encoding="UTF-8"?>
<record
    xmlns:xsi="http://www.w3.org/2001/XMLSchema-instance"
    xsi:schemaLocation="http://www.loc.gov/MARC21/slim http://www.loc.gov/standards/marcxml/schema/MARC21slim.xsd"
    xmlns="http://www.loc.gov/MARC21/slim">

  <leader>01370cam a2200409   4500</leader>
  <controlfield tag="001">S004065</controlfield>
  <controlfield tag="003">OSt</controlfield>
  <controlfield tag="005">20260409020005.0</controlfield>
  <controlfield tag="007">ta                    </controlfield>
  <controlfield tag="008">250310s2025    fr a     6    000 1 fre  </controlfield>
  <controlfield tag="009">4</controlfield>
  <datafield tag="020" ind1=" " ind2=" ">
    <subfield code="a">9782808215053</subfield>
    <subfield code="q">(reli&#xE9;)</subfield>
  </datafield>
  <datafield tag="024" ind1="3" ind2=" ">
    <subfield code="a">9782808215053</subfield>
  </datafield>
  <datafield tag="035" ind1=" " ind2=" ">
    <subfield code="a">(BTLF)NOT17416198885645</subfield>
  </datafield>
  <datafield tag="035" ind1=" " ind2=" ">
    <subfield code="a">(SQTD)5825627</subfield>
  </datafield>
  <datafield tag="035" ind1=" " ind2=" ">
    <subfield code="a">(SDM)S004065</subfield>
  </datafield>
  <datafield tag="040" ind1=" " ind2=" ">
    <subfield code="a">BTLF</subfield>
    <subfield code="b">fre</subfield>
    <subfield code="e">rda</subfield>
    <subfield code="d">BTLF</subfield>
    <subfield code="d">SQTD</subfield>
    <subfield code="d">SDM</subfield>
    <subfield code="d">SQTD</subfield>
    <subfield code="c">CDM</subfield>
  </datafield>
  <datafield tag="082" ind1="0" ind2="4">
    <subfield code="a">BD SOC</subfield>
    <subfield code="2">23/fre/202508</subfield>
  </datafield>
  <datafield tag="100" ind1="1" ind2=" ">
    <subfield code="a">Cremers, Jean,</subfield>
    <subfield code="d">1996-</subfield>
    <subfield code="e">auteur</subfield>
    <subfield code="e">artiste</subfield>
    <subfield code="9">1443419ad</subfield>
    <subfield code="8">1475594ad</subfield>
  </datafield>
  <datafield tag="245" ind1="1" ind2="0">
    <subfield code="a">Apr&#xE8;s l'orage /</subfield>
    <subfield code="c">sc&#xE9;nario, dessin et couleur, Jean Cremers.</subfield>
  </datafield>
  <datafield tag="250" ind1=" " ind2=" ">
    <subfield code="a">Premi&#xE8;re &#xE9;dition</subfield>
  </datafield>
  <datafield tag="300" ind1=" " ind2=" ">
    <subfield code="a">186 pages :</subfield>
    <subfield code="b">principalement des illustrations en couleur ;</subfield>
    <subfield code="c">27 cm</subfield>
  </datafield>
  <datafield tag="521" ind1=" " ind2=" ">
    <subfield code="a">A 4</subfield>
  </datafield>
  <datafield tag="590" ind1=" " ind2=" ">
    <subfield code="a">A</subfield>
  </datafield>
  <datafield tag="650" ind1=" " ind2="6">
    <subfield code="a">Femmes victimes de violence</subfield>
    <subfield code="v">Bandes dessin&#xE9;es</subfield>
  </datafield>
  <datafield tag="650" ind1=" " ind2="6">
    <subfield code="a">Femmes d'&#xE2;ge moyen</subfield>
    <subfield code="v">Bandes dessin&#xE9;es</subfield>
  </datafield>
  <datafield tag="650" ind1=" " ind2="6">
    <subfield code="a">Relations entre hommes et femmes</subfield>
    <subfield code="v">Bandes dessin&#xE9;es</subfield>
  </datafield>
  <datafield tag="650" ind1=" " ind2="6">
    <subfield code="a">Secret</subfield>
    <subfield code="v">Bandes dessin&#xE9;es</subfield>
  </datafield>
  <datafield tag="650" ind1=" " ind2="6">
    <subfield code="a">Parents et enfants adultes</subfield>
    <subfield code="v">Bandes dessin&#xE9;es</subfield>
  </datafield>
  <datafield tag="650" ind1=" " ind2="6">
    <subfield code="a">Inondations</subfield>
    <subfield code="v">Bandes dessin&#xE9;es</subfield>
  </datafield>
  <datafield tag="650" ind1=" " ind2="6">
    <subfield code="a">Changement (Psychologie)</subfield>
    <subfield code="v">Bandes dessin&#xE9;es</subfield>
  </datafield>
  <datafield tag="655" ind1=" " ind2="7">
    <subfield code="a">Bandes dessin&#xE9;es psychologiques</subfield>
    <subfield code="2">rvmgf</subfield>
  </datafield>
  <datafield tag="655" ind1=" " ind2="7">
    <subfield code="a">Bandes dessin&#xE9;es familiales</subfield>
    <subfield code="2">rvmgf</subfield>
  </datafield>
  <datafield tag="908" ind1=" " ind2=" ">
    <subfield code="a">SDM</subfield>
  </datafield>
  <datafield tag="908" ind1=" " ind2=" ">
    <subfield code="a">SDM</subfield>
  </datafield>
  <datafield tag="942" ind1=" " ind2=" ">
    <subfield code="2">ddc</subfield>
    <subfield code="c">BK</subfield>
    <subfield code="0">1</subfield>
  </datafield>
  <datafield tag="999" ind1=" " ind2=" ">
    <subfield code="c">43514</subfield>
    <subfield code="d">43514</subfield>
  </datafield>
  <datafield tag="952" ind1=" " ind2=" ">
    <subfield code="0">0</subfield>
    <subfield code="1">0</subfield>
    <subfield code="2">ddc</subfield>
    <subfield code="4">0</subfield>
    <subfield code="7">0</subfield>
    <subfield code="a">MAIN</subfield>
    <subfield code="b">MAIN</subfield>
    <subfield code="d">2026-03-25</subfield>
    <subfield code="l">2</subfield>
    <subfield code="o">BD SOC</subfield>
    <subfield code="p">208956</subfield>
    <subfield code="q">2026-05-19</subfield>
    <subfield code="r">2026-04-28 19:04:29</subfield>
    <subfield code="s">2026-04-28</subfield>
    <subfield code="w">2026-03-25</subfield>
    <subfield code="y">BK</subfield>
  </datafield>
</record>
